Changes in Marine Corps manual.

Bibliographic Details
Corporate Author: United States. Marine Corps
Format: Government Document eBook
Language:English
Published: Washington : [publisher not identified], 1928.
Series:Marine Corps Circ. Letters 2nd Series No. 56
Subjects:
Online Access:Connect to the full text of this electronic document

MARC

Tag First Indicator Second Indicator Subfields
LEADER 00000cam a22000001a 4500
001 in00003761521
005 20190408190037.0
006 m o d f
007 cr bn mmmapmmp
008 040322s1928 dcu o f000 0 eng d
035 |a ebd1910607097 
040 |a UMI  |c UMI  |d UtOrBLW 
086 0 |a N 9.19:56 
099 |a N9.19-2.56 
245 0 0 |a Changes in Marine Corps manual. 
264 1 |a Washington :  |b [publisher not identified],  |c 1928. 
300 |a 1 online resource (1 pages) 
336 |a text  |b txt  |2 rdacontent 
337 |a computer  |b c  |2 rdamedia 
338 |a online resource  |b cr  |2 rdacarrier 
490 0 |a Marine Corps Circ. Letters 2nd Series No. 56 
500 |a [text of selected regulations, as amended; on field hospital rations]. 
500 |a Record is based on bibliographic data in ProQuest U.S. Executive Branch Documents, 1910-1932. Reuse except for individual research requires license from ProQuest, LLC. 
533 |a Electronic reproduction.  |b [Bethesda, Md.] :  |c ProQuest,  |d 2012.  |e digital, PDF file.  |n ProQuest U.S. Executive Branch Documents, 1910-1932.  |n Mode of access: World Wide Web via ProQuest website. 
538 |a System requirements: PDF reader software. 
500 |a Electronic resource. 
650 0 |a Health facilities.  |0 http://id.loc.gov/authorities/subjects/sh85059543 
655 7 |a Electronic books.  |2 local 
710 1 |a United States.  |b Marine Corps.  |0 http://id.loc.gov/authorities/names/n78095328 
776 1 8 |i Microfiche version:  |t Changes in Marine Corps manual  |o CIS US Exec MF N9.19-2.56  |w (ProQuest)cis19161782 
856 4 0 |u http://proxy.library.tamu.edu/login?url=http://congressional.proquest.com/congressional/docview/t66.d71.n9.19-2.56  |z Connect to the full text of this electronic document  |t 0 
999 f f |s 9f97fb92-1593-3402-b026-a1ad1991c6b9  |i 1cfb20ae-a069-399c-9402-a769fdd05a72  |t 0 
952 f f |a Texas A&M University  |b College Station  |c Electronic Resources  |d Available Online  |t 0  |h No information provided 
998 f f |t 0  |l Available Online